Rosa ACF Fiorentina 2023-24 - Statistics

Statistiche generali
  • Questo quiz è stato fatto 116 volte
  • Il punteggio medio è 21 su 33
Statistiche sulle risposte
Numero Ruolo Giocatore Nazionalità % Corretto
2 DIF Dodô Brasile
94%
4 DIF Nikola Milenković Serbia
93%
1 POR Pietro Terracciano Italia
92%
3 DIF Cristiano Biraghi Italia
87%
9 ATT Lucas Beltrán Argentina
87%
18 ATT M'Bala Nzola Angola
87%
28 DIF Lucas Martínez Quarta Argentina
86%
10 ATT Nico González Argentina
86%
7 ATT Riccardo Sottil Italia
84%
72 CEN Antonín Barák Repubblica Ceca
83%
11 ATT Jonathan Ikoné Francia
83%
16 DIF Luca Ranieri Italia
83%
99 ATT Christian Kouamé Costa D'Avorio
82%
32 CEN Afred Duncan Ghana
80%
38 CEN Rolando Mandragora Italia
79%
5 CEN Giacomo Bonaventura Italia
73%
53 POR Oliver Christensen Danimarca
72%
6 CEN Arthur Melo Brasile
68%
65 DIF Fabiano Parisi Italia
64%
(77) (ATT) (Josip Brekalo) (Croazia)
64%
(26) (DIF) (Yerry Mina) (Colombia)
63%
20 ATT Andrea Belotti Italia
62%
33 DIF Michael Kayode Italia
56%
17 CEN Gaetano Castrovilli Italia
51%
8 CEN Maxime Lopez Francia
51%
30 POR Tommaso Martinelli Italia
49%
37 DIF Pietro Comuzzo Italia
48%
19 CEN Gino Infantino Argentina
43%
22 DIF Davide Faraoni Italia
36%
(73) (CEN) (Lorenzo Amatucci) (Italia)
16%
(70) (DIF) (Niccolò Pierozzi) (Italia)
16%
(14) (DIF) (Christian Dalle Mura) (Italia)
14%
40 POR Tommaso Vannucchi Italia
13%
Nessun quiz corrispondente trovato
Distribuzione punteggi
Percentuale di utenti per punteggio
Percentile per numero di risposta
I tuoi punteggi nel tempo
Non hai fatto questo quiz